The complete idiot's guide: (Record no. 163963)

MARC details
000 -LEADER
fixed length control field 00533nam a22001697a 4500
005 - DATE AND TIME OF LATEST TRANSACTION
control field 20190507150707.0
010 ## - LCCN (DPL NO)
LC control number A-950292
020 ## - INTERNATIONAL STANDARD BOOK NUMBER
International Standard Book Number 8120314166
Terms of availability 719.00
035 ## - SYSTEM CONTROL NUMBER
System control number A-950292
037 ## - SOURCE OF ACQUISITION
Source of stock number/acquisition Prentice Hall of India Pvt. Ltd.
082 ## - DEWEY DECIMAL CLASSIFICATION NUMBER
Classification number 658.404
100 ## - MAIN ENTRY--PERSONAL NAME
Personal name Sunny
245 ## - TITLE STATEMENT
Title The complete idiot's guide:
Remainder of title Project management /
Statement of responsibility, etc Sunny {and } Kim Baker
260 ## - PUBLICATION, DISTRIBUTION, ETC. (IMPRINT)
Place of publication, distribution, etc New Delhi
Name of publisher, distributor, etc Prentice Hall of India Pvt. Ltd.
Date of publication, distribution, etc 1998
300 ## - PHYSICAL DESCRIPTION
Extent 328p (it include index)
Dimensions 23cm ()hbk
942 ## - ADDED ENTRY ELEMENTS (KOHA)
Source of classification or shelving scheme Dewey Decimal Classification
Item type English Books
Classification part 658.404
Call number suffix SUN
Holdings
Withdrawn status Lost status Not for loan Collection code Home library Current library Date acquired Full call number Barcode Koha item type
      Non-fiction Sarojini Nagar Sarojini Nagar 07/05/2019 658.404 SUN B-950292 English Books

© Delhi Public Library
Hit Counter
free hit counter